Catholic University of Zimbabwe Library
Online Public Access Catalogue
(OPAC)

The government and politics of France / (Record no. 44689)

MARC details
000 -LEADER
fixed length control field 00777nam a2200277 a 4500
001 - CONTROL NUMBER
control field 2857001
008 - FIXED-LENGTH DATA ELEMENTS--GENERAL INFORMATION
fixed length control field 840518s1983 enk b 001 0 eng c
010 ## - LIBRARY OF CONGRESS CONTROL NUMBER
LC control number 84672767
020 ## - INTERNATIONAL STANDARD BOOK NUMBER
International Standard Book Number 0091522714
040 ## - CATALOGING SOURCE
Original cataloging agency MH
Transcribing agency CUZ
Modifying agency DLC
-- CUZ
Language of cataloging eng
Description conventions rda
050 14 - LIBRARY OF CONGRESS CALL NUMBER
Classification number JN2594
Item number WRI
100 1# - MAIN ENTRY--PERSONAL NAME
Personal name Wright, Vincent.
245 14 - TITLE STATEMENT
Title The government and politics of France /
Statement of responsibility, etc. Vincent Wright.
250 ## - EDITION STATEMENT
Edition statement 2nd ed.
264 ## - PRODUCTION, PUBLICATION, DISTRIBUTION, MANUFACTURE, AND COPYRIGHT NOTICE
Place of production, publication, distribution, manufacture London :
Name of producer, publisher, distributor, manufacturer Hutchinson,
Date of production, publication, distribution, manufacture, or copyright notice 1983.
300 ## - PHYSICAL DESCRIPTION
Extent 349 p. ;
Dimensions 22 cm.
440 #0 - SERIES STATEMENT/ADDED ENTRY--TITLE
Title Hutchinson university library
500 ## - GENERAL NOTE
General note Includes index.
650 #0 - SUBJECT ADDED ENTRY--TOPICAL TERM
Topical term or geographic name entry element Executive power
651 #0 - SUBJECT ADDED ENTRY--GEOGRAPHIC NAME
Geographic name France
942 ## - ADDED ENTRY ELEMENTS (KOHA)
Koha item type OS Book
336 ## - CONTENT TYPE
Content type term text
Content type code txt
337 ## - MEDIA TYPE
Media type term unmediated
Media type code n
338 ## - CARRIER TYPE
Source rdacarrier
Holdings
Withdrawn status Lost status Source of classification or shelving scheme Damaged status Not for loan Collection code Home library Current library Shelving location Date acquired Source of acquisition Inventory number Total Checkouts Full call number Barcode Date last seen Price effective from Koha item type
          Non-fiction CUZ Harare Campus CUZ Harare Campus Open Shelf 26.05.2023 Donation CUZ15712   JN2594 WRI BK009615 22.05.2025 26.05.2023 OS Book

OPENING HOURS

Weekdays: 0815hrs - 1800hrs
Weekends:0900hrs - 1200hrs

Closed for Mass:

Mon, Thur: 1200hrs - 1300hrs
Sunday & Public Holiday’s

CALL SUPPORT

0242-570570, 0242-570169
09200664, +263 8644140602

LOCATION

18443, Cranborne Avenue, Hatfield, Harare

Other Links


©2021 | CUZ Library